000 00483nam a2200181Ia 4500
001 21171
003 GE_BSU
008 181216s||||||||xx |||||||||||||| ||und||
040 _cGE_BSU
245 4 _aThe Economist, August 12th-18th. number 9053. 2017
260 _aМосква
260 _c2017
300 _a70 p. 27cm. ill.
653 _aThe Economist, August 12th-18th. number 9053. 2017
653 _aПериодика
653 _aპერიოდიკა
942 _cCR
999 _c54116
_d54116